Open profile ontology for semantic matching of resume & job descriptions (Record no. 11338)
[ view plain ]
| 000 -LEADER | |
|---|---|
| fixed length control field | 00473 a2200133 4500 |
| 082 ## - DEWEY DECIMAL CLASSIFICATION NUMBER | |
| Classification number | MS-IT-9 |
| 090 ## - LOCALLY ASSIGNED LC-TYPE CALL NUMBER (OCLC); LOCAL CALL NUMBER (RLIN) | |
| -- | 7535 |
| -- | 7535 |
| 100 ## - MAIN ENTRY--PERSONAL NAME | |
| Personal name | Ghulam Hassan |
| 245 ## - TITLE STATEMENT | |
| Title | Open profile ontology for semantic matching of resume & job descriptions |
| Statement of responsibility, etc. | Ghulam Hassan |
| 260 ## - PUBLICATION, DISTRIBUTION, ETC. | |
| Place of publication, distribution, etc. | Islamabad |
| Name of publisher, distributor, etc. | NUST-SEECS |
| Date of publication, distribution, etc. | 2012 |
| 300 ## - PHYSICAL DESCRIPTION | |
| Extent | Pages various |
| Other physical details | ;ill. |
| Dimensions | ;27cm.+ |
| Accompanying material | CD ROM |
| 500 ## - GENERAL NOTE | |
| General note | Supervisors: Dr. Khalid Latif, Dr. Sharifullah Khan, Mr. Muhammad Bilal, Mr. Atif Mumtaz |
| 942 ## - ADDED ENTRY ELEMENTS (KOHA) | |
| Koha item type | Project Report |
| Call number prefix | MS-IT-9 GHU |
| Withdrawn status | Lost status | Damaged status | Not for loan | Permanent Location | Current Location | Total Checkouts | Full call number | Barcode | Date last seen | Price effective from | Koha item type | Source of classification or shelving scheme | Shelving location | Date acquired |
|---|---|---|---|---|---|---|---|---|---|---|---|---|---|---|
| Central Library (CL) | Central Library (CL) | MS-IT-9 GHU | SEECSP01213 | 11/14/2012 | 11/14/2012 | Project Report | ||||||||
| Central Library (CL) | Central Library (CL) | 004MS-IT-9 | CL-T-4182 | 12/11/2019 | 12/11/2019 | Thesis | Thesis | 12/11/2019 |
